Statistiques concernant Footballeur par pays n°3

Cliquez ici pour prendre le quiz!

Statistiques générales

  • Ce quiz a été pris 304 fois
  • Le résultat moyen est 16 sur 18

Statistiques - réponses

joueurPays% Correct
Paul PogbaFrance
100%
NeymarBresil
96%
Andrés IniestaEspagne
96%
Laurent BlancFrance
96%
Eden HazardBelgique
95%
Marcus RashfordRoyaume-Uni
95%
Patrick KluivertPays-Bas
92%
Roberto BaggioItalie
91%
Franz BeckenbauerAllemagne
90%
Oliver KahnAllemagne
89%
Pierre-Emerick AubameyangGabon
89%
Vincent KompanyBelgique
88%
Shinji KagawaJapon
87%
Dele AlliRoyaume-Uni
86%
Frank de BoerPays-Bas
79%
Brian LaudrupDanemark
70%
René HiguitaColombie
69%
Héctor MorenoMexique
61%

Distribution des résultats

Percentile par nombre de réponses

% des personnes avec chaque résultat

Votre développement - résultats

Vous n’avez pas pris ce quiz